00363 2200133 4500245009400000020001500094100002200109650001700131005001900148260002700167041001400194084001200208336000900220 aAsmaul Husna b : Keistimewaan, Khasiat dan Cara MengamalkannyacMoh. Syamsi HasanhText a9793955287 aMoh. Syamsi Hasan aAsmaul Husna a20240903070432 aSurabayabAmeliac2003 aIndonesia a297.312 atext